RICS Books building contracts website launched (Record no. 72542)
[ view plain ]
| 000 -LEADER | |
|---|---|
| fixed length control field | 00941cam a2200193 4500 |
| 001 - CONTROL NUMBER | |
| control field | WB3915-01 |
| 008 - FIXED-LENGTH DATA ELEMENTS--GENERAL INFORMATION | |
| fixed length control field | 030424n2003 000 0 eng u |
| 035 ## - SYSTEM CONTROL NUMBER | |
| System control number | (Sirsi) u122085 |
| 245 ## - TITLE STATEMENT | |
| Title | RICS Books building contracts website launched |
| 260 ## - PUBLICATION, DISTRIBUTION, ETC. | |
| Date of publication, distribution, etc. | 2003 |
| 490 ## - SERIES STATEMENT | |
| Series statement | RICS News Service |
| Volume/sequential designation | 24 April 2003 (1) |
| 520 ## - SUMMARY, ETC. | |
| Summary, etc. | RICS Books has launched a new section on the website dedicated entirely to JCT and other forms of building contract. Contains full browsing and search facilities, with online ordering and details of allied publications and services. http://www.rics.org/ricscms/bin/show?class=News&template=/includes/shownews.html&id=5559&faculty=RICS |
| 590 ## - LOCAL NOTE (RLIN) | |
| Local note | WB |
| 650 ## - SUBJECT ADDED ENTRY--TOPICAL TERM | |
| Topical term or geographic name entry element | BUILT ENVIRONMENT-BUILDING CONTRACT FORMS-STANDARD FORMS OF BUILDING CONTRACT-JOINT CONTRACTS TRIBNUAL CONTRACTS |
| 650 ## - SUBJECT ADDED ENTRY--TOPICAL TERM | |
| Topical term or geographic name entry element | BUILT ENVIRONMENT-BUILDING CONTRACT FORMS |
| 650 ## - SUBJECT ADDED ENTRY--TOPICAL TERM | |
| Topical term or geographic name entry element | ONLINE SERVICES |
| 690 ## - LOCAL SUBJECT ADDED ENTRY--TOPICAL TERM (OCLC, RLIN) | |
| Topical term or geographic name as entry element | BUILT ENVIRONMENT |
| 942 ## - ADDED ENTRY ELEMENTS (KOHA) | |
| Suppress in OPAC | 0 |
| Withdrawn status | Lost status | Source of classification or shelving scheme | Damaged status | Not for loan | Home library | Current library | Shelving location | Date acquired | Total Checkouts | Full call number | Barcode | Date last seen | Copy number | Price effective from | Koha item type |
|---|---|---|---|---|---|---|---|---|---|---|---|---|---|---|---|
| Dewey Decimal Classification | London | London | News article | 24/04/2003 | WB3915-01 | 122085-1001 | 06/08/2019 | 1 | 06/08/2019 | News article |